[Event "52nd Biel Master Open"]
[Site "Biel SUI"]
[Date "2019.07.31"]
[Round "9.5"]
[White "Salem, A.R. Saleh"]
[Black "Lalith, Babu M R"]
[Result "1-0"]
[WhiteTitle "GM"]
[BlackTitle "GM"]
[WhiteElo "2672"]
[BlackElo "2580"]
[WhiteFideId "9301348"]
[BlackFideId "5024595"]
[EventDate "2019.07.22"]

1. d4 Nf6 2. c4 e6 3. Nf3 b6 4. a3 Bb7 5. Nc3 d5 6. cxd5 Nxd5 7. e3 Be7 8. Bb5+
c6 9. Bd3 c5 10. e4 Nxc3 11. bxc3 O-O 12. O-O cxd4 13. cxd4 b5 14. d5 exd5 15.
e5 Nd7 16. Bxb5 Rb8 17. Bf4 Nc5 18. Nd4 Ne6 19. Be3 Nxd4 20. Bxd4 Qa5 21. Qe2
Bc8 22. a4 Bf5 23. Qf3 Bg6 24. Qe3 a6 25. Bd7 Qd8 26. e6 fxe6 27. Bxe6+ Bf7 28.
Rab1 Bf6 29. Rxb8 Qxb8 30. Bxf6 gxf6 31. Bxf7+ Rxf7 32. Qe6 Qb3 33. Qg4+ Kf8 34.
h3 Qc4 35. Qg3 Qc7 36. Qd3 Qc4 37. Qa3+ Kg7 38. Qg3+ Kh6 39. Qe3+ Kg7 40. a5 Qb4
41. Qg3+ Kh6 42. Qg8 Rg7 43. Qxd5 Qc3 44. Rd1 Qxh3 45. Rd4 Qh5 46. Qc4 Qe5 47.
Rh4+ Kg6 48. Rg4+ Kh6 49. Rh4+ Kg6 50. Re4 Qd6 51. Rd4 Qe5 52. Qc2+ Kh5 53. Qd1+
Kg6 54. Rd5 1-0

[Event "52nd Biel Master Open"]
[Site "Biel SUI"]
[Date "2019.07.31"]
[Round "9.7"]
[White "Moussard, Jules"]
[Black "Martirosyan, Haik M."]
[Result "1-0"]
[WhiteTitle "GM"]
[BlackTitle "GM"]
[WhiteElo "2576"]
[BlackElo "2619"]
[WhiteFideId "642908"]
[BlackFideId "13306553"]
[EventDate "2019.07.22"]

1. e4 e6 2. d4 d5 3. Nc3 Nf6 4. e5 Nfd7 5. Nce2 c5 6. c3 Nc6 7. Nf3 Qb6 8. a3 c4
9. Nf4 h6 10. g3 Na5 11. h4 Qc7 12. Be3 Nb6 13. Bh3 Bd7 14. O-O O-O-O 15. Nd2
Ba4 16. Qe2 Qd7 17. Ng2 Re8 18. f4 f5 19. h5 Qf7 20. g4 Be7 21. gxf5 exf5 22.
Bf2 Bd7 23. Kh2 Reg8 24. Bh4 g5 25. hxg6 Rxg6 26. Bxe7 Qxe7 27. Nf3 Rf8 28. Nfh4
Rgg8 29. Qf2 Nc6 30. Ne3 Qh7 31. Rg1 Ne7 32. Rxg8 Qxg8 33. Rg1 Qf7 34. Rg3 Qh5
35. Rg7 Kd8 36. Bg2 Be6 37. Bf3 Qe8 38. Qg2 Rf7 39. Rg3 Qb5 40. Bh5 Rf8 41. Ng6
Re8 42. Nxe7 Rxe7 43. Bg6 Qd7 44. Qh3 1-0

[Event "52nd Biel Master Open"]
[Site "Biel SUI"]
[Date "2019.07.31"]
[Round "9.8"]
[White "Puranik, Abhimanyu"]
[Black "Erdos, Viktor"]
[Result "1-0"]
[WhiteTitle "GM"]
[BlackTitle "GM"]
[WhiteElo "2550"]
[BlackElo "2603"]
[WhiteFideId "5061245"]
[BlackFideId "719978"]
[EventDate "2019.07.22"]

1. e4 e5 2. Nf3 Nc6 3. Bc4 Nf6 4. d3 h6 5. c3 d6 6. O-O g5 7. a4 Bg7 8. Na3 Ne7
9. Nc2 c6 10. Re1 O-O 11. d4 Ng6 12. dxe5 dxe5 13. Nd2 Nf4 14. Ne3 h5 15. Qc2 g4
16. Bf1 Nh7 17. Ndc4 Ng5 18. Nf5 Bxf5 19. exf5 Qc7 20. f6 Bxf6 21. Qf5 Kg7 22.
Nxe5 Nfe6 23. Bc4 Rae8 24. Bxg5 Nxg5 25. Nd7 Rxe1+ 26. Rxe1 Qd6 27. Nxf8 Kxf8
28. Bb3 Kg7 29. Rd1 Qe7 30. Kf1 b5 31. axb5 cxb5 32. Rd7 Qe8 33. Rxa7 b4 34.
cxb4 Qc6 35. Qc2 Qd6 36. Qc4 Bd4 37. Ra5 Qf4 38. Rxg5+ Kf6 39. Rf5+ Kxf5 40.
Qxf7+ Kg5 41. Qxf4+ Kxf4 42. Bf7 h4 43. b3 Bc3 44. b5 Bd4 45. Ke2 Bb6 46. Be6
Kg5 47. Bc8 Bc7 48. g3 Bb6 49. f3 gxf3+ 50. Kxf3 Bc7 51. gxh4+ Kxh4 52. h3 Kg5
53. Ke4 Bg3 54. Kd5 Kf6 55. b6 Ke7 56. b7 Kd8 57. Kc6 Ke7 58. Bg4 Kd8 59. h4 1-0

[Event "52nd Biel Master Open"]
[Site "Biel SUI"]
[Date "2019.07.31"]
[Round "9.14"]
[White "Santos Ruiz, Miguel"]
[Black "Meins, Gerlef"]
[Result "1-0"]
[WhiteTitle "GM"]
[BlackTitle "IM"]
[WhiteElo "2567"]
[BlackElo "2417"]
[WhiteFideId "22291482"]
[BlackFideId "4620895"]
[EventDate "2019.07.22"]

1. e4 c5 2. Nf3 Nc6 3. d4 cxd4 4. Nxd4 Nf6 5. Nc3 d6 6. Bg5 e6 7. Qd2 Be7 8.
O-O-O Nxd4 9. Qxd4 O-O 10. h4 h6 11. f4 hxg5 12. hxg5 Ng4 13. e5 Bxg5 14. fxg5
Qxg5+ 15. Kb1 dxe5 16. Qb4 Nh6 17. Ne4 Qg6 18. g4 a5 19. Qe1 b6 20. g5 Bb7 21.
Bd3 Nf5 22. Nf6+ gxf6 23. Bxf5 Qxg5 24. Be4 1-0

[Event "52nd Biel Master Open"]
[Site "Biel SUI"]
[Date "2019.07.31"]
[Round "9.19"]
[White "Low, Zhen Yu Cyrus"]
[Black "Stany, G.A."]
[Result "1/2-1/2"]
[WhiteTitle "IM"]
[BlackTitle "GM"]
[WhiteElo "2413"]
[BlackElo "2525"]
[WhiteFideId "5804175"]
[BlackFideId "5029104"]
[EventDate "2019.07.22"]

1. e4 e5 2. Nf3 Nc6 3. Bc4 Bc5 4. O-O Nf6 5. d3 O-O 6. c3 d5 7. exd5 Nxd5 8. Re1
Bg4 9. Nbd2 Nb6 10. h3 Bh5 11. Bb3 Qxd3 12. Nxe5 Qf5 13. Nef3 Rfe8 14. g4 Bxg4
15. hxg4 Qxg4+ 16. Kh1 Bxf2 17. Nh2 Rxe1+ 18. Qxe1 Qg3 19. Qf1 Re8 20. Ndf3 Na5
21. Bg5 Nxb3 22. axb3 Re4 23. Qd3 f5 24. Bh4 Rxh4 25. Qd8+ Kf7 26. Nxh4 Qxh4 27.
Qxc7+ Ke6 28. Qxb7 Nd5 29. Qc6+ Ke5 30. Qe8+ Kf6 31. Rf1 Bg3 32. Qf8+ Ke6 33.
Qxf5+ Ke7 34. Qf8+ Kd7 35. Qf7+ Kd6 36. Qf8+ Kd7 37. Qf5+ Ke7 38. Qf8+ 1/2-1/2